000 00248nam a2200097Ia 4500
001 645964
005 20250826153633.0
008 250824s9999 xx 000 0 und d
245 0 _aPAPKİN KORSANLARDAN KAÇIŞ
_cİDİL ÜNLÜ
260 _bGENÇ TİMAŞ
999 _c645964
_d645964